000 00411nam a2200133 a 4500
001 000045462
005 20201002052250.0
008 150407s19uu dr a 000 0 spa d
040 0 _aDO-SdBNP
_bspa
_cBNPHU
100 1 _aGimeno, Ma. Consuelo
_973516
245 1 0 _aQuiénes construyeron más tamboras /
_cMa. Consuelo Gimeno.
260 _aSanto Domingo :
_bCentro Poveda,
_c[190?].
300 _a5 p. :
_bil. ;
_c21 cm.
999 _c44951
_d44951